000 00416nam a2200145Ia 4500
008 231129s2015||||xx |||||||||||||| ||spa||
020 _a978-958-30-4872-2
040 _bspa
082 _a(i) 927.5 L581M
100 _aMorley Jacqueline
245 0 _a¡No te gustarí­a ser Leonardo da Vinci!
260 _c2015
264 _aBogotá Colombia : Panamericana
942 _2ddc
_cBKS
999 _c4346
_d4346